[Event "Schools-U15-17Open"]
[Site "Tehran2016"]
[Date "2016.07.10"]
[Round "2.11"]
[White "Mashalov., Aliniyaz"]
[Black "Mohammadi, Pouya"]
[Result "0-1"]
[BlackElo "1920"]
[WhiteElo "1719"]
[LiveChessVersion "1.4.8"]

1. e4 c5 2. Ne2 d6 3. g3 g6 4. c3 Bg7 5. d4 cxd4 6. cxd4 Nf6 7. Nbc3 O-O 8. Bg2
Bd7 9. O-O Nc6 10. h3 Rc8 11. Be3 Qa5 12. Qd2 b5 13. a3 b4 14. axb4 Qxb4 15. d5
Na5 16. Nd4 Nc4 17. Qe2 Nxe3 18. fxe3 Nh5 19. Qf2 f5 20. Rxa7 fxe4 21. Qd2 Rxf1+
22. Bxf1 Rd8 23. Nxe4 Qxd2 24. Nxd2 Bxd4 25. exd4 Nxg3 26. Bd3 Bxh3 27. Kh2 Bf5
28. Kxg3 Bxd3 29. Rxe7 Rb8 30. b3 Rb5 31. Ne4 Bxe4 32. Rxe4 Rxd5 33. Kg4 Kf7 34.
Kh4 Kf6 35. Kg4 h5+ 36. Kh4 Kg7 37. b4 Kh6 38. Kg3 Rb5 39. Re6 Rd5 40. Re4 Kg5
41. Kf3 Rb5 42. Re6 d5 43. Re5+ Kf6 44. Kf4 Rxb4 45. Rxd5 g5+ 46. Kg3 Rb3+ 47.
Kf2 h4 48. Rd8 g4 49. Rg8 Kf5 50. d5 Rd3 51. Rf8+ Ke5 52. Rg8 g3+ 53. Ke2 Rxd5
54. Rg4 Rd4 55. Rg8 Rf4 56. Re8+ Kf5 57. Rg8 Rg4 58. Rf8+ Ke4 59. Re8+ Kf5 60.
Rf8+ Ke5 61. Kf3 Rg6 62. Kg2 h3+ 63. Kxh3 g2 64. Re8+ Kd6 65. Rd8+ Ke7 66. Rd1
g1=Q 67. Rxg1 Rxg1 0-1

[Event "Schools-U15-17Open"]
[Site "Tehran2016"]
[Date "2016.07.10"]
[Round "2.12"]
[White "Behroozi Moghaddam, Hamed"]
[Black "Jahedi, Mani"]
[Result "0-1"]
[BlackElo "1737"]
[WhiteElo "1897"]
[LiveChessVersion "1.4.8"]

1. e4 c5 2. Nc3 Nc6 3. f4 g6 4. Nf3 Bg7 5. Bb5 d6 6. O-O e6 7. d3 Nge7 8. Bxc6+
Nxc6 9. Be3 O-O 10. Qe1 Nd4 11. Qf2 Nxf3+ 12. Qxf3 Qa5 13. Bd2 Qb6 14. Rab1 Qc6
15. Kh1 b5 16. Ne2 Bb7 17. Bc3 f5 18. Bxg7 Kxg7 19. Ng3 d5 20. exf5 exf5 21. Rbe1
Rae8 22. Re5 Rxe5 23. fxe5 d4 24. Qxc6 Bxc6 25. Re1 Re8 26. Nf1 Kf7 27. Nd2 Ke6
28. Kg1 Bd5 29. Kf2 f4 30. Nf3 Bxf3 31. Kxf3 Kf5 32. e6 Re7 33. h4 h6 34. c3 g5
35. hxg5 hxg5 36. cxd4 cxd4 37. Re4 Rxe6 38. Rxe6 Kxe6 39. Ke4 Kf6 40. Kxd4 Kf5
41. Kc3 g4 42. Kd2 Ke5 43. Ke2 Kd4 44. Kd2 a5 45. Ke2 a4 46. a3 f3+ 0-1

[Event "Schools-U15-17Open"]
[Site "Tehran2016"]
[Date "2016.07.10"]
[Round "3.1"]
[White "Molaei, Mohammadamin"]
[Black "Sheykhali, Mohammadreza"]
[Result "1-0"]
[BlackElo "2092"]
[WhiteElo "2151"]
[LiveChessVersion "1.4.8"]

1. d4 Nf6 2. c4 e6 3. g3 d5 4. Bg2 Be7 5. Nf3 O-O 6. O-O c6 7. Qc2 Nbd7 8. Nbd2
b6 9. Rd1 Bb7 10. e4 dxe4 11. Nxe4 Rc8 12. Ne5 Nxe4 13. Bxe4 Nf6 14. Bf3 Qc7 15.
Bf4 Bd6 16. b4 Nd7 17. Nxd7 Qxd7 18. Bxd6 Qxd6 19. c5 Qe7 20. a4 Rfd8 21. Rab1
Qf6 22. Kg2 Rxd4 23. b5 g6 24. cxb6 e5 25. Rxd4 exd4 26. bxa7 Kg7 27. b6 Qe7 28.
Qe4 Qd6 29. a5 f5 30. Qd3 1-0

[Event "Schools-U15-17Open"]
[Site "Tehran2016"]
[Date "2016.07.10"]
[Round "3.2"]
[White "Rastbod, Ali"]
[Black "Tahbaz, Arash"]
[Result "0-1"]
[BlackElo "2138"]
[WhiteElo "2133"]
[LiveChessVersion "1.4.8"]

1. c4 {[%clk 0:09:01]} c5 {[%clk 0:15:10]} 2. Nc3 {[%clk 0:09:09]} Nc6
{[%clk 0:15:18]} 3. g3 {[%clk 0:09:01]} g6 {[%clk 0:15:24]} 4. Bg2
{[%clk 0:09:10]} Bg7 {[%clk 0:15:34]} 5. e3 {[%clk 0:09:20]} e5 {[%clk 0:13:46]}
6. Nge2 {[%clk 0:09:29]} Nge7 {[%clk 0:13:54]} 7. O-O {[%clk 0:09:38]} O-O
{[%clk 0:14:03]} 8. a3 {[%clk 0:08:33]} d6 {[%clk 0:13:48]} 9. Rb1
{[%clk 0:08:40]} Be6 {[%clk 0:13:57]} 10. Nd5 {[%clk 0:08:47]} Rc8
{[%clk 0:12:51]} 11. d3 {[%clk 0:08:54]} Qd7 {[%clk 0:12:34]} 12. Re1
{[%clk 0:09:02]} Bh3 {[%clk 0:10:08]} 13. Bh1 h5 14. Nec3 {[%clk 0:08:48]} h4
{[%clk 0:09:27]} 15. Ne4 {[%clk 0:07:44]} f6 {[%clk 0:07:20]} 16. Nec3
{[%clk 0:07:06]} hxg3 {[%clk 0:07:20]} 17. hxg3 {[%clk 0:07:14]} Bg4
{[%clk 0:07:07]} 18. Bf3 {[%clk 0:07:22]} Bxf3 {[%clk 0:05:26]} 19. Qxf3 f5 20.
Nxe7+ {[%clk 0:07:15]} Nxe7 {[%clk 0:04:02]} 21. Nd5 {[%clk 0:07:23]} Nc6
{[%clk 0:04:11]} 22. Qg2 {[%clk 0:06:00]} e4 {[%clk 0:01:14]} 23. dxe4
{[%clk 0:03:31]} fxe4 {[%clk 0:01:14]} 24. Qxe4 {[%clk 0:02:13]} Rce8
{[%clk 0:00:55]} 25. Qg2 {[%clk 0:02:20]} Ne5 {[%clk 0:00:22]} 26. f4
{[%clk 0:02:29]} Nxc4 27. b3 {[%clk 0:02:39]} Na5 {[%clk 0:00:12]} 28. Bd2
{[%clk 0:02:37]} Nc6 {[%clk 0:00:15]} 29. b4 {[%clk 0:02:46]} b6 {[%clk 0:00:13]}
30. Bc3 {[%clk 0:02:50]} Bxc3 {[%clk 0:00:15]} 31. Nxc3 {[%clk 0:03:00]} Ne7
{[%clk 0:00:18]} 32. Rbd1 {[%clk 0:02:58]} Qe6 {[%clk 0:00:27]} 33. Nd5
{[%clk 0:02:50]} Nxd5 {[%clk 0:00:16]} 34. Qxd5 {[%clk 0:02:59]} Kf7
{[%clk 0:00:13]} 35. Qxd6 {[%clk 0:03:00]} Qxd6 {[%clk 0:00:11]} 36. Rxd6
{[%clk 0:03:09]} cxb4 37. axb4 {[%clk 0:03:18]} Re7 {[%clk 0:00:19]} 38. e4
{[%clk 0:03:03]} Rc8 {[%clk 0:00:29]} 39. e5 {[%clk 0:02:59]} Rc4
{[%clk 0:00:34]} 40. Rf6+ {[%clk 0:03:08]} Kg7 {[%clk 0:00:42]} 41. Rd1
{[%clk 0:03:18]} Rf7 {[%clk 0:00:20]} 42. Rxf7+ {[%clk 0:01:05]} Kxf7
{[%clk 0:00:29]} 43. Kg2 {[%clk 0:01:12]} Ke7 {[%clk 0:00:13]} 44. Kf3
{[%clk 0:01:21]} Rxb4 {[%clk 0:00:13]} 45. Kg4 {[%clk 0:01:30]} Rb3
{[%clk 0:00:19]} 46. Rd6 {[%clk 0:01:33]} a5 {[%clk 0:00:23]} 47. Rxg6 a4 48. Kf5
{[%clk 0:01:46]} Rb5 {[%clk 0:00:16]} 49. Rg7+ {[%clk 0:01:04]} Kd8
{[%clk 0:00:22]} 50. Kf6 {[%clk 0:01:06]} a3 {[%clk 0:00:30]} 51. e6
{[%clk 0:01:15]} a2 {[%clk 0:00:39]} 52. e7+ {[%clk 0:00:19]} Kd7
{[%clk 0:00:48]} 53. Kf7 {[%clk 0:00:23]} Rf5+ {[%clk 0:00:54]} 54. Kg6
{[%clk 0:00:33]} a1=Q {[%clk 0:00:57]} 0-1

[Event "Schools-U15-17Open"]
[Site "Tehran2016"]
[Date "2016.07.10"]
[Round "3.3"]
[White "Omidi, Arya"]
[Black "Ganjali, Hossein"]
[Result "1-0"]
[BlackElo "1977"]
[WhiteElo "2049"]
[LiveChessVersion "1.4.8"]

1. e4 {[%clk 0:08:57]} e6 {[%clk 0:15:19]} 2. d4 {[%clk 0:08:58]} d5
{[%clk 0:15:28]} 3. Nc3 {[%clk 0:09:07]} Bb4 {[%clk 0:15:37]} 4. e5
{[%clk 0:09:17]} c5 {[%clk 0:15:46]} 5. Bd2 {[%clk 0:09:22]} Ne7 {[%clk 0:15:48]}
6. a3 {[%clk 0:09:26]} Bxc3 {[%clk 0:15:54]} 7. bxc3 {[%clk 0:09:35]} O-O
{[%clk 0:15:19]} 8. Nf3 {[%clk 0:09:44]} b6 {[%clk 0:15:28]} 9. Bd3
{[%clk 0:09:30]} Ba6 {[%clk 0:15:37]} 10. Bxh7+ {[%clk 0:08:27]} Kh8
{[%clk 0:13:19]} 11. Ng5 {[%clk 0:08:37]} g6 {[%clk 0:08:48]} 12. Bxg6
{[%clk 0:08:46]} fxg6 {[%clk 0:08:27]} 13. Qg4 {[%clk 0:08:55]} Kg8
{[%clk 0:08:08]} 14. Qxe6+ {[%clk 0:09:04]} Kg7 {[%clk 0:07:51]} 15. Qh3
{[%clk 0:09:06]} Rh8 {[%clk 0:07:51]} 16. Ne6+ {[%clk 0:09:13]} Kg8
{[%clk 0:07:59]} 17. Qxh8+ {[%clk 0:09:19]} Kxh8 {[%clk 0:08:08]} 18. Nxd8
{[%clk 0:09:28]} Nbc6 {[%clk 0:08:17]} 19. Nxc6 {[%clk 0:09:16]} Nxc6
{[%clk 0:08:26]} 20. Be3 {[%clk 0:09:26]} cxd4 {[%clk 0:08:31]} 21. Bxd4
{[%clk 0:09:25]} Kg8 {[%clk 0:08:38]} 22. h4 {[%clk 0:09:30]} Rc8
{[%clk 0:08:38]} 23. Kd2 {[%clk 0:09:26]} Ne7 {[%clk 0:08:38]} 24. g4
{[%clk 0:09:33]} Rf8 {[%clk 0:08:41]} 25. Ke3 {[%clk 0:09:37]} Bc8
{[%clk 0:08:48]} 26. f3 {[%clk 0:09:46]} Be6 {[%clk 0:08:54]} 27. a4
{[%clk 0:09:54]} Nc6 {[%clk 0:09:01]} 28. h5 {[%clk 0:09:55]} g5 {[%clk 0:09:10]}
29. h6 {[%clk 0:10:05]} Kh7 {[%clk 0:09:19]} 30. Rh5 {[%clk 0:09:21]} Rg8
{[%clk 0:09:26]} 31. Kf2 {[%clk 0:09:16]} Na5 {[%clk 0:09:14]} 32. Be3
{[%clk 0:08:56]} Rf8 {[%clk 0:09:11]} 33. Rxg5 {[%clk 0:08:55]} 1-0

[Event "Schools-U15-17Open"]
[Site "Tehran2016"]
[Date "2016.07.10"]
[Round "3.4"]
[White "Safiri, Ali"]
[Black "Akhgari, Reza"]
[Result "1/2-1/2"]
[BlackElo "1939"]
[WhiteElo "1972"]
[LiveChessVersion "1.4.8"]

1. e4 {[%clk 0:15:12]} e6 {[%clk 0:15:19]} 2. d3 {[%clk 0:15:12]} d5
{[%clk 0:15:26]} 3. Nd2 {[%clk 0:15:21]} Nf6 {[%clk 0:15:31]} 4. g3
{[%clk 0:15:21]} dxe4 {[%clk 0:15:34]} 5. dxe4 {[%clk 0:15:28]} e5
{[%clk 0:15:39]} 6. Ngf3 {[%clk 0:15:14]} Nc6 {[%clk 0:15:47]} 7. Bg2
{[%clk 0:15:15]} Bc5 {[%clk 0:15:52]} 8. O-O {[%clk 0:15:17]} O-O
{[%clk 0:15:59]} 9. c3 {[%clk 0:13:28]} a5 {[%clk 0:16:08]} 10. Qc2
{[%clk 0:12:03]} b6 {[%clk 0:16:02]} 11. h3 {[%clk 0:11:33]} Ba6 {[%clk 0:15:44]}
12. Re1 {[%clk 0:11:20]} Bd3 {[%clk 0:12:53]} 13. Qd1 {[%clk 0:10:22]} Ba6
{[%clk 0:11:39]} 14. b3 {[%clk 0:08:48]} Qe7 {[%clk 0:10:44]} 15. Bf1
{[%clk 0:08:27]} Bxf1 {[%clk 0:10:44]} 16. Nxf1 {[%clk 0:08:32]} Rad8
{[%clk 0:10:48]} 17. Qe2 {[%clk 0:07:51]} Rd7 {[%clk 0:10:23]} 18. Bg5
{[%clk 0:06:45]} h6 {[%clk 0:10:09]} 19. Bxf6 {[%clk 0:06:34]} Qxf6
{[%clk 0:10:18]} 20. Rad1 {[%clk 0:06:17]} Rfd8 {[%clk 0:10:26]} 21. Rxd7
{[%clk 0:06:14]} Rxd7 {[%clk 0:10:34]} 22. Rd1 {[%clk 0:04:48]} Rxd1
{[%clk 0:10:09]} 23. Qxd1 {[%clk 0:04:56]} g6 {[%clk 0:09:31]} 24. Kg2
{[%clk 0:04:39]} Kg7 {[%clk 0:09:39]} 25. Qd7 {[%clk 0:04:13]} Qd6
{[%clk 0:09:37]} 26. Qxd6 {[%clk 0:04:19]} Bxd6 {[%clk 0:09:45]} 27. Ne3
{[%clk 0:04:23]} Ne7 {[%clk 0:09:08]} 28. Nd2 {[%clk 0:03:48]} f5
{[%clk 0:08:30]} 29. f3 {[%clk 0:02:36]} Kf6 {[%clk 0:08:20]} 30. Kf1
{[%clk 0:02:29]} h5 {[%clk 0:07:42]} 31. Ke2 {[%clk 0:02:18]} Bc5
{[%clk 0:07:25]} 32. Nec4 {[%clk 0:01:40]} Nc8 {[%clk 0:07:21]} 33. a3
{[%clk 0:01:12]} b5 {[%clk 0:06:18]} 34. Nxa5 {[%clk 0:01:06]} Bxa3
{[%clk 0:06:26]} 35. Nb1 {[%clk 0:00:26]} Bc5 {[%clk 0:06:28]} 36. c4
{[%clk 0:00:16]} Nd6 {[%clk 0:06:13]} 37. cxb5 {[%clk 0:00:15]} Nxb5
{[%clk 0:05:36]} 38. Nd2 {[%clk 0:00:18]} Nd4+ {[%clk 0:05:43]} 39. Kd3
{[%clk 0:00:21]} Bb4 {[%clk 0:05:31]} 40. Nac4 {[%clk 0:00:29]} c5
{[%clk 0:05:21]} 41. Ke3 {[%clk 0:00:23]} Ne6 {[%clk 0:05:08]} 42. Kd3
{[%clk 0:00:20]} h4 {[%clk 0:04:53]} 43. gxh4 {[%clk 0:00:20]} Nf4+
{[%clk 0:05:02]} 44. Ke3 {[%clk 0:00:22]} Nxh3 {[%clk 0:05:05]} 45. Nf1
{[%clk 0:00:13]} Nf4 {[%clk 0:05:08]} 46. Kf2 {[%clk 0:00:14]} Bc3
{[%clk 0:04:56]} 47. Nfe3 {[%clk 0:00:14]} Bd4 {[%clk 0:05:04]} 48. Nb6
{[%clk 0:00:13]} Nd3+ {[%clk 0:04:59]} 49. Ke2 {[%clk 0:00:20]} Nc1+
{[%clk 0:05:07]} 50. Kd1 {[%clk 0:00:13]} Nxb3 {[%clk 0:05:09]} 51. Nbd5+
{[%clk 0:00:13]} Ke6 {[%clk 0:05:12]} 52. Nc4 {[%clk 0:00:19]} Bf2
{[%clk 0:05:04]} 53. Nc7+ {[%clk 0:00:13]} Kf6 {[%clk 0:04:16]} 54. Nd5+
{[%clk 0:00:18]} Kg7 {[%clk 0:04:17]} 55. Nxe5 {[%clk 0:00:20]} Bxh4
{[%clk 0:04:22]} 56. Ke2 {[%clk 0:00:12]} Bg5 {[%clk 0:03:44]} 57. exf5
{[%clk 0:00:17]} gxf5 {[%clk 0:03:39]} 58. Kd3 {[%clk 0:00:21]} Bf6
{[%clk 0:03:31]} 59. Nxf6 {[%clk 0:00:17]} Kxf6 {[%clk 0:03:40]} 60. f4
{[%clk 0:00:17]} Nd4 {[%clk 0:03:31]} 61. Nd7+ {[%clk 0:00:14]} Kg6
{[%clk 0:03:38]} 62. Nxc5 {[%clk 0:00:19]} Nf3 {[%clk 0:03:43]} 1/2-1/2

[Event "Schools-U15-17Open"]
[Site "Tehran2016"]
[Date "2016.07.10"]
[Round "3.5"]
[White "Pangilinan, Stephen Rome"]
[Black "Hakemi, Arman"]
[Result "0-1"]
[BlackElo "1964"]
[WhiteElo "1862"]
[LiveChessVersion "1.4.8"]

1. e4 {[%clk 0:15:18]} c5 {[%clk 0:15:18]} 2. d4 {[%clk 0:15:26]} cxd4
{[%clk 0:15:25]} 3. c3 {[%clk 0:15:36]} d3 {[%clk 0:15:34]} 4. Bxd3
{[%clk 0:15:44]} Nc6 {[%clk 0:15:42]} 5. Nf3 {[%clk 0:15:52]} d6 {[%clk 0:15:49]}
6. h3 {[%clk 0:15:57]} g6 {[%clk 0:15:58]} 7. O-O {[%clk 0:16:04]} Bg7
{[%clk 0:16:06]} 8. Be3 {[%clk 0:15:57]} Nf6 {[%clk 0:16:09]} 9. Nbd2
{[%clk 0:16:05]} O-O {[%clk 0:16:17]} 10. Qe2 {[%clk 0:16:04]} Qc7
{[%clk 0:16:11]} 11. Rad1 {[%clk 0:16:04]} b6 {[%clk 0:16:04]} 12. Nd4
{[%clk 0:15:50]} Bb7 {[%clk 0:15:50]} 13. f3 {[%clk 0:15:49]} Nd7
{[%clk 0:15:28]} 14. N2b3 {[%clk 0:15:40]} Nc5 {[%clk 0:15:26]} 15. Nb5
{[%clk 0:15:24]} Qc8 {[%clk 0:15:04]} 16. Nxc5 {[%clk 0:15:04]} bxc5
{[%clk 0:15:05]} 17. Bc4 {[%clk 0:14:30]} Rb8 {[%clk 0:15:00]} 18. a4
{[%clk 0:13:47]} Ne5 {[%clk 0:12:48]} 19. Nxa7 {[%clk 0:13:34]} Qd8
{[%clk 0:12:56]} 20. Nb5 {[%clk 0:12:47]} Qa5 {[%clk 0:11:37]} 21. Ra1
{[%clk 0:12:27]} Nxc4 {[%clk 0:11:23]} 22. Qxc4 {[%clk 0:12:34]} Ba6
{[%clk 0:11:31]} 23. b4 {[%clk 0:08:49]} cxb4 {[%clk 0:11:19]} 24. cxb4
{[%clk 0:08:36]} Bxb5 {[%clk 0:11:24]} 25. axb5 {[%clk 0:07:40]} Qxb5
{[%clk 0:11:32]} 26. Qxb5 {[%clk 0:07:47]} Rxb5 {[%clk 0:11:41]} 27. Ra7
{[%clk 0:07:53]} Bf6 {[%clk 0:11:31]} 28. Rb1 {[%clk 0:07:05]} Rfb8
{[%clk 0:11:39]} 29. Ra4 {[%clk 0:05:10]} Bc3 {[%clk 0:11:45]} 30. Ra3
{[%clk 0:04:46]} Bf6 {[%clk 0:10:32]} 31. Bd2 {[%clk 0:04:34]} e6
{[%clk 0:10:31]} 32. Kf1 {[%clk 0:03:16]} d5 {[%clk 0:10:26]} 33. Ra7
{[%clk 0:03:05]} Rd8 {[%clk 0:06:46]} 34. Ke2 {[%clk 0:03:04]} Kg7
{[%clk 0:05:27]} 35. Rc1 {[%clk 0:01:41]} dxe4 {[%clk 0:05:06]} 36. f4
{[%clk 0:01:09]} Bd4 {[%clk 0:02:43]} 37. Re7 {[%clk 0:00:59]} Bf6
{[%clk 0:02:22]} 38. Ra7 {[%clk 0:01:06]} e3 {[%clk 0:01:23]} 39. Bxe3
{[%clk 0:01:03]} Bd4 {[%clk 0:00:25]} 40. Re7 {[%clk 0:00:19]} Rxb4
{[%clk 0:00:12]} 41. Bd2 {[%clk 0:00:12]} Rb2 {[%clk 0:00:12]} 42. Rcc7
{[%clk 0:00:19]} Rf8 {[%clk 0:00:21]} 43. Kd3 {[%clk 0:00:24]} Bf6
{[%clk 0:00:23]} 44. Red7 {[%clk 0:00:32]} Rbb8 {[%clk 0:00:15]} 45. g4
{[%clk 0:00:20]} Rbd8 {[%clk 0:00:15]} 46. g5 {[%clk 0:00:27]} Rxd7+
{[%clk 0:00:24]} 47. Rxd7 {[%clk 0:00:35]} Bd8 {[%clk 0:00:33]} 48. Bc3+
{[%clk 0:00:43]} Kg8 {[%clk 0:00:42]} 49. Ke4 {[%clk 0:00:30]} Re8
{[%clk 0:00:42]} 50. Rb7 {[%clk 0:00:27]} Be7 {[%clk 0:00:32]} 51. Ke5
{[%clk 0:00:16]} Bf8 {[%clk 0:00:41]} 52. Rc7 {[%clk 0:00:13]} Rd8
{[%clk 0:00:43]} 53. Ba5 {[%clk 0:00:16]} Bd6+ {[%clk 0:00:51]} 54. Kf6
{[%clk 0:00:22]} Bxc7 {[%clk 0:00:59]} 55. Bxc7 {[%clk 0:00:30]} Rc8
{[%clk 0:01:08]} 56. Bd6 {[%clk 0:00:36]} Rc3 {[%clk 0:01:14]} 57. h4
{[%clk 0:00:38]} Rh3 {[%clk 0:01:23]} 58. Be5 {[%clk 0:00:27]} Rxh4
{[%clk 0:01:31]} 59. Ke7 {[%clk 0:00:34]} Rh1 {[%clk 0:01:37]} 60. Bf6
{[%clk 0:00:24]} Rf1 {[%clk 0:01:44]} 61. Be5 {[%clk 0:00:31]} Re1
{[%clk 0:01:53]} 62. Ke8 {[%clk 0:00:29]} Rb1 {[%clk 0:01:32]} 63. Bf6
{[%clk 0:00:32]} Rh1 {[%clk 0:01:30]} 64. Be5 {[%clk 0:00:14]} h5
{[%clk 0:01:37]} 65. gxh6 {[%clk 0:00:22]} Rxh6 {[%clk 0:01:46]} 66. Ke7
{[%clk 0:00:23]} Rh5 {[%clk 0:01:54]} 67. Bd4 {[%clk 0:00:21]} Rf5
{[%clk 0:02:01]} 68. Be3 {[%clk 0:00:30]} e5 {[%clk 0:02:10]} 69. Bf2
{[%clk 0:00:25]} Rxf4 {[%clk 0:02:17]} 70. Be1 {[%clk 0:00:21]} e4
{[%clk 0:02:26]} 71. Kd6 {[%clk 0:00:29]} e3 {[%clk 0:02:34]} 72. Bg3
{[%clk 0:00:14]} e2 {[%clk 0:02:40]} 73. Ke5 {[%clk 0:00:11]} Rf1
{[%clk 0:02:40]} 0-1

[Event "Schools-U15-17Open"]
[Site "Tehran2016"]
[Date "2016.07.10"]
[Round "3.6"]
[White "Myradow, Soltan"]
[Black "Ghesmati, Aryan"]
[Result "1-0"]
[BlackElo "1935"]
[WhiteElo "1854"]
[LiveChessVersion "1.4.8"]

1. d4 {[%clk 0:15:19]} d5 {[%clk 0:15:18]} 2. c4 {[%clk 0:15:28]} e6
{[%clk 0:15:27]} 3. Nc3 {[%clk 0:15:37]} c6 {[%clk 0:15:37]} 4. Nf3
{[%clk 0:15:45]} dxc4 {[%clk 0:15:46]} 5. a4 {[%clk 0:15:47]} Bb4
{[%clk 0:15:54]} 6. e3 {[%clk 0:15:02]} b5 {[%clk 0:16:02]} 7. Ne5
{[%clk 0:15:07]} Nf6 {[%clk 0:15:54]} 8. Bd2 {[%clk 0:14:06]} Bb7
{[%clk 0:15:45]} 9. Be2 {[%clk 0:13:29]} O-O {[%clk 0:15:42]} 10. Bf3
{[%clk 0:13:34]} Qb6 {[%clk 0:15:45]} 11. O-O {[%clk 0:12:51]} a5
{[%clk 0:15:48]} 12. Ne4 {[%clk 0:12:26]} Bxd2 {[%clk 0:15:29]} 13. Qxd2
{[%clk 0:12:16]} Nbd7 {[%clk 0:15:09]} 14. Nxd7 {[%clk 0:11:01]} Nxd7
{[%clk 0:15:17]} 15. Nd6 {[%clk 0:11:08]} Qc7 {[%clk 0:14:56]} 16. Nxb7
{[%clk 0:11:06]} Qxb7 {[%clk 0:15:05]} 17. axb5 {[%clk 0:11:14]} Qxb5
{[%clk 0:15:14]} 18. Rfc1 {[%clk 0:11:17]} Rfb8 {[%clk 0:15:10]} 19. Rc2
{[%clk 0:10:51]} g6 {[%clk 0:13:41]} 20. h3 {[%clk 0:10:46]} Nb6 {[%clk 0:13:31]}
21. h4 {[%clk 0:08:53]} h5 {[%clk 0:11:11]} 22. g3 {[%clk 0:08:43]} Ra7
{[%clk 0:09:04]} 23. Kg2 {[%clk 0:08:48]} c5 {[%clk 0:08:56]} 24. dxc5
{[%clk 0:07:21]} Qxc5 {[%clk 0:09:05]} 25. b4 {[%clk 0:07:04]} Qe5
{[%clk 0:08:18]} 26. Rxa5 {[%clk 0:07:08]} Rxa5 {[%clk 0:08:06]} 27. bxa5
{[%clk 0:07:16]} Nd5 {[%clk 0:08:15]} 28. Rxc4 {[%clk 0:06:49]} Rb2
{[%clk 0:05:29]} 29. Rc2 {[%clk 0:06:53]} Rxc2 {[%clk 0:05:30]} 30. Qxc2
{[%clk 0:07:01]} Qc7 {[%clk 0:05:39]} 31. Qxc7 {[%clk 0:06:07]} Nxc7
{[%clk 0:05:48]} 32. Bb7 {[%clk 0:06:15]} Nb5 {[%clk 0:05:57]} 33. Kf3
{[%clk 0:06:11]} Kf8 {[%clk 0:05:43]} 34. Bc6 {[%clk 0:06:10]} Na7
{[%clk 0:05:47]} 35. Ba4 {[%clk 0:06:17]} Ke7 {[%clk 0:05:54]} 36. Ke4
{[%clk 0:06:23]} Kd6 {[%clk 0:03:37]} 37. Kd4 {[%clk 0:06:26]} Nc8
{[%clk 0:03:27]} 38. f3 {[%clk 0:05:54]} Na7 {[%clk 0:03:34]} 39. g4
{[%clk 0:05:48]} Nc8 {[%clk 0:03:28]} 40. Kc4 {[%clk 0:05:45]} Na7
{[%clk 0:03:26]} 41. gxh5 {[%clk 0:05:51]} gxh5 {[%clk 0:03:35]} 42. f4
{[%clk 0:05:59]} Kc7 {[%clk 0:02:52]} 43. Bd1 {[%clk 0:05:50]} Nc6
{[%clk 0:03:00]} 44. Kb5 {[%clk 0:05:45]} Ne7 {[%clk 0:01:17]} 45. Bxh5
{[%clk 0:05:48]} f6 {[%clk 0:01:05]} 46. Bf3 {[%clk 0:05:43]} Nc8
{[%clk 0:00:41]} 47. h5 {[%clk 0:05:50]} Nd6+ {[%clk 0:00:50]} 48. Kc5
{[%clk 0:05:54]} 1-0

[Event "Schools-U15-17Open"]
[Site "Tehran2016"]
[Date "2016.07.10"]
[Round "3.7"]
[White "Khadem Erfani, Sobhan"]
[Black "Loay, Sameer"]
[Result "1/2-1/2"]
[BlackElo "1935"]
[WhiteElo "1821"]
[LiveChessVersion "1.4.8"]

1. d4 {[%clk 0:15:12]} d6 {[%clk 0:15:18]} 2. c4 {[%clk 0:15:01]} g6
{[%clk 0:15:26]} 3. Nc3 {[%clk 0:15:06]} Bg7 {[%clk 0:15:34]} 4. g3
{[%clk 0:15:06]} Nf6 {[%clk 0:15:41]} 5. Bg2 {[%clk 0:15:13]} O-O
{[%clk 0:15:48]} 6. e3 {[%clk 0:15:21]} c5 {[%clk 0:15:23]} 7. Nge2
{[%clk 0:15:14]} cxd4 {[%clk 0:15:15]} 8. Nxd4 {[%clk 0:14:34]} a6
{[%clk 0:15:13]} 9. O-O {[%clk 0:14:27]} Qc7 {[%clk 0:15:13]} 10. b3
{[%clk 0:14:04]} Nc6 {[%clk 0:15:09]} 11. Bb2 {[%clk 0:13:43]} Bd7
{[%clk 0:15:12]} 12. Rc1 {[%clk 0:13:47]} Nxd4 {[%clk 0:09:56]} 13. Qxd4
{[%clk 0:13:20]} Rfc8 {[%clk 0:06:29]} 14. h3 {[%clk 0:11:34]} Qd8
{[%clk 0:06:11]} 15. Qd2 {[%clk 0:09:36]} Rab8 {[%clk 0:06:08]} 16. Rfd1
{[%clk 0:08:46]} b5 {[%clk 0:05:21]} 17. cxb5 {[%clk 0:08:14]} axb5
{[%clk 0:05:29]} 18. Ne2 {[%clk 0:07:18]} Rxc1 {[%clk 0:04:56]} 19. Rxc1
{[%clk 0:07:25]} Rc8 {[%clk 0:05:04]} 20. Nd4 {[%clk 0:06:37]} d5
{[%clk 0:03:39]} 21. Ne2 {[%clk 0:04:19]} e6 {[%clk 0:03:46]} 22. Rxc8
{[%clk 0:03:46]} Qxc8 {[%clk 0:03:42]} 23. Qc1 {[%clk 0:03:06]} Qb7
{[%clk 0:03:50]} 24. Be5 {[%clk 0:02:37]} Ne4 {[%clk 0:02:44]} 25. Bxg7
{[%clk 0:02:18]} Kxg7 {[%clk 0:02:52]} 26. Bxe4 {[%clk 0:02:09]} dxe4
{[%clk 0:02:59]} 27. Qc3+ {[%clk 0:02:08]} Kg8 {[%clk 0:03:00]} 28. Nd4
{[%clk 0:01:29]} e5 {[%clk 0:02:09]} 29. Nc2 {[%clk 0:00:45]} Qd5
{[%clk 0:02:07]} 30. Kg2 {[%clk 0:00:42]} Qe6 {[%clk 0:01:33]} 31. h4
{[%clk 0:00:26]} Qh3+ {[%clk 0:01:30]} 32. Kg1 {[%clk 0:00:34]} Bg4
{[%clk 0:01:34]} 33. Qxe5 {[%clk 0:00:22]} Bf3 {[%clk 0:01:41]} 34. Qb8+
{[%clk 0:00:30]} Kg7 {[%clk 0:01:49]} 35. Qe5+ {[%clk 0:00:38]} f6
{[%clk 0:01:58]} 36. Qc7+ {[%clk 0:00:39]} Kh6 {[%clk 0:01:58]} 37. Qf4+
{[%clk 0:00:47]} Kh5 {[%clk 0:02:04]} 38. g4+ {[%clk 0:00:26]} Kxh4
{[%clk 0:00:26]} 39. Qxf6+ {[%clk 0:00:26]} Kxg4 {[%clk 0:00:33]} 40. Qe6+
{[%clk 0:00:27]} Kh4 {[%clk 0:00:42]} 41. Qxh3+ {[%clk 0:00:17]} Kxh3
{[%clk 0:00:51]} 42. Nd4 {[%clk 0:00:26]} b4 {[%clk 0:01:00]} 43. Nc6
{[%clk 0:00:27]} Be2 {[%clk 0:00:57]} 44. Nxb4 {[%clk 0:00:34]} Kg4
{[%clk 0:01:06]} 45. Nc6 {[%clk 0:00:33]} Bb5 {[%clk 0:01:09]} 46. Nd4
{[%clk 0:00:40]} Bd3 {[%clk 0:01:14]} 47. b4 {[%clk 0:00:40]} Kg5
{[%clk 0:01:23]} 48. b5 {[%clk 0:00:48]} Kf6 {[%clk 0:01:31]} 49. a4
{[%clk 0:00:40]} Ke5 {[%clk 0:01:39]} 50. Kh2 {[%clk 0:00:41]} Kd5
{[%clk 0:01:16]} 51. Kg3 {[%clk 0:00:38]} Kc5 {[%clk 0:00:42]} 52. Kf4
{[%clk 0:00:27]} h5 {[%clk 0:00:36]} 53. Kg5 {[%clk 0:00:27]} Kb4
{[%clk 0:00:30]} 54. Kxg6 {[%clk 0:00:18]} h4 {[%clk 0:00:38]} 55. Nf5
{[%clk 0:00:27]} h3 {[%clk 0:00:38]} 56. Ng3 {[%clk 0:00:35]} Kxa4
{[%clk 0:00:44]} 57. b6 {[%clk 0:00:44]} Ba6 {[%clk 0:00:52]} 58. Kg5
{[%clk 0:00:48]} h2 {[%clk 0:00:46]} 59. Kh4 {[%clk 0:00:56]} Bc8
{[%clk 0:00:33]} 60. b7 {[%clk 0:01:01]} Bxb7 {[%clk 0:00:42]} 61. Kh3
{[%clk 0:01:10]} h1=Q+ {[%clk 0:00:49]} 62. Nxh1 {[%clk 0:01:19]} Kb5
{[%clk 0:00:57]} 63. Kg4 {[%clk 0:01:19]} Kc4 {[%clk 0:01:05]} 64. Kf4
{[%clk 0:01:24]} Kd3 {[%clk 0:01:11]} 65. Ng3 {[%clk 0:01:33]} Bc6
{[%clk 0:01:19]} 66. Nf5 {[%clk 0:01:38]} Bb7 {[%clk 0:01:22]} 67. Nd6
{[%clk 0:01:46]} Bc6 {[%clk 0:01:29]} 68. Nf7 {[%clk 0:01:39]} Bb7
{[%clk 0:01:36]} 69. Ng5 Ba8 70. Ne6 Ke2 71. Kg3 Bb7 72. Nd4+ Kd3 73. Kf4 Bd5 74.
Ke5 Ba8 75. Kf4 Bb7 76. Ne6 Kc4 77. Ke5 Ba8 78. Nc7 Bc6 79. Ne6 Ba8 80. Ng5 Kd3
81. Kf5 Ke2 82. Nxe4 Kf3 83. Nc5 Kxf2 84. Kf4 Bh1 85. Ne6 Ba8 86. Ng5 Bh1 87.
Ne4+ Ke1 88. Ke5 Ke2 89. Kd4 Bf3 90. Nc3+ Kd2 91. Nb5 Bh1 92. Nd6 Bg2 93. Ne4+
Ke2 94. Ng3+ Kd2 95. Ne4+ Ke2 96. Nd6 Bh1 97. Nf5 Bg2 98. Nh4 Bh1 99. Ng6 Ba8
100. Nf4+ Kf3 101. Nd3 Ke2 102. Nc5 Kf3 1/2-1/2